|
|
|
|
| LEADER |
00000cam a2200000 a 4500 |
| 001 |
vtls001412172 |
| 003 |
SK-MaSNL |
| 005 |
20260302035108.0 |
| 008 |
250312s1957 xo o f n 000 0 slo |
| 015 |
|
|
|a SNBA1957
|
| 020 |
|
|
|q (brožované)
|
| 035 |
|
|
|a SNK000366884
|
| 035 |
|
|
|a urn:nbn:sk:snk-am3i40t
|
| 035 |
|
|
|a 46173113-2AD0-4226-A65A-2C65ACF05FEB
|
| 035 |
|
|
|a urn:nbn:sk:snk-am00dj8k
|
| 040 |
|
|
|a SNK
|b slo
|c SNK
|e AACR2
|
| 041 |
0 |
|
|a slo
|
| 043 |
|
|
|a e-xo---
|
| 044 |
|
|
|a xo
|c SK
|
| 072 |
|
7 |
|a 392
|x Zvyky, mravy, obyčaje v súkromnom živote
|2 konspekt
|
| 080 |
|
|
|a 331.815(437.6)(091)
|2 1981
|
| 080 |
|
|
|a 394.268(437.6)
|2 1981
|
| 080 |
|
|
|a 39
|2 2011
|
| 080 |
|
|
|a (437.6)
|2 2011
|
| 080 |
|
|
|a (035)
|2 2011
|
| 100 |
1 |
|
|a Motoška, Vladimír,
|d 1927-
|4 aut
|9 259609
|
| 245 |
1 |
0 |
|a Revolučné tradície prvých májov na Slovensku
|c Vladimír Motoška
|
| 260 |
|
|
|a Bratislava
|b Slovenské vydavateľstvo politickej literatúry
|c 1957
|
| 300 |
|
|
|a 77 strán, [16] strán obrazových príloh
|b fotografie
|c 21 cm
|
| 366 |
|
|
|e 4000 kusov
|
| 500 |
|
|
|a Poznámky pod čiarou
|
| 500 |
|
|
|a Príloha obsahuje fotografie z prvomájových sprievodov na Slovensku
|
| 504 |
|
|
|a Obsahuje bibliografické odkazy ; bibliografia na strane 76-77
|
| 650 |
0 |
7 |
|a Prvý máj
|2 SNKPH
|9 29765
|
| 650 |
0 |
7 |
|a tradície
|2 SNKPH
|9 15975
|
| 651 |
|
7 |
|a Slovensko
|2 SNKPHgeo
|
| 655 |
|
7 |
|a príručky
|2 SNKPH
|9 74364
|
| 852 |
|
|
|a Slovenská národná knižnica
|
| 958 |
|
|
|a RK
|
| 958 |
|
|
|a TL
|
| 958 |
|
|
|a SP
|
| 958 |
|
|
|a NB
|
| 958 |
|
|
|a OND
|
| 999 |
|
|
|c 1069213
|d 1071143
|
| 952 |
|
|
|a SNK
|b SNK
|y PREZ
|7 0
|p 17A0819387
|o snkSC 9829
|i snkKSP 1145/54
|0 0
|1 0
|4 0
|d 2012-08-22
|f 1
|l 0
|r 2025-07-09 00:00:00
|w 2026-02-24
|
| 952 |
|
|
|a SNK
|b SNK
|y VYP
|7 0
|p 17A0297856
|o snkSC 9829 D1
|i snkKSP 1145/54
|0 0
|1 0
|4 0
|d 2001-04-25
|l 0
|r 2005-01-02 00:00:00
|w 2026-02-24
|